Использование компьютерных технологий (электронный учебник, web ct) для организации самостоятельной работы студентов при обучении профессиональному иностранному языку в техническом ВУЗе; Филологические науки. Вопросы теории и практики; № 1
| Parent link: | Филологические науки. Вопросы теории и практики.— , 2008- № 1.— 2011.— [С. 10-15] |
|---|---|
| Autor principal: | |
| Altres autors: | |
| Sumari: | Заглавие с экрана Статья раскрывает содержание понятия «компьютерные технологии» и значение, которое они приобретают в современном высшем профессиональном образовании. Основное внимание в работе авторы акцентируют на теоретических и практических основах использования информационных технологий (электронного учебника, платформы WEB CT) для организации самостоятельной работы студентов старших курсов при обучении профессиональному иностранному языку в техническом вузе. The article reveals the content of the term "computer technologies" and the value which they get in modern higher professional education. In the article the authors pay the main attention to the theoretical and practical bases of using informational technologies (electronic text book, platform WEB CT) for the arrangement of independent work of senior year students while teaching professional foreign language in technical institute of higher education. Режим доступа: по договору с организацией-держателем ресурса |
| Idioma: | rus |
| Publicat: |
2011
|
| Col·lecció: | Педагогические науки |
| Matèries: | |
| Accés en línia: | http://www.gramota.net/materials/2/2011/1/1.html http://elibrary.ru/item.asp?id=15641005 |
| Format: | Electrònic Capítol de llibre |
| KOHA link: | https://koha.lib.tpu.ru/cgi-bin/koha/opac-detail.pl?biblionumber=641000 |
MARC
| LEADER | 00000naa0a2200000 4500 | ||
|---|---|---|---|
| 001 | 641000 | ||
| 005 | 20251224134428.0 | ||
| 035 | |a (RuTPU)RU\TPU\network\5878 | ||
| 090 | |a 641000 | ||
| 100 | |a 20150506d2011 k||y0rusy50 ca | ||
| 101 | 0 | |a rus | |
| 102 | |a RU | ||
| 135 | |a drcn ---uucaa | ||
| 181 | 0 | |a i | |
| 182 | 0 | |a b | |
| 200 | 1 | |a Использование компьютерных технологий (электронный учебник, web ct) для организации самостоятельной работы студентов при обучении профессиональному иностранному языку в техническом ВУЗе |d Use of computer technologies (electronic text book, web ct) for the arrangement of students' independent work while teaching professional foreign language in technical institute of higher education |f Л. Г. Аверкиева, Ю. А. Чайка | |
| 203 | |a Текст |c электронный | ||
| 225 | 1 | |a Педагогические науки | |
| 300 | |a Заглавие с экрана | ||
| 320 | |a [Библиогр.: с. 15 (8 назв.)] | ||
| 330 | |a Статья раскрывает содержание понятия «компьютерные технологии» и значение, которое они приобретают в современном высшем профессиональном образовании. Основное внимание в работе авторы акцентируют на теоретических и практических основах использования информационных технологий (электронного учебника, платформы WEB CT) для организации самостоятельной работы студентов старших курсов при обучении профессиональному иностранному языку в техническом вузе. | ||
| 330 | |a The article reveals the content of the term "computer technologies" and the value which they get in modern higher professional education. In the article the authors pay the main attention to the theoretical and practical bases of using informational technologies (electronic text book, platform WEB CT) for the arrangement of independent work of senior year students while teaching professional foreign language in technical institute of higher education. | ||
| 333 | |a Режим доступа: по договору с организацией-держателем ресурса | ||
| 461 | |t Филологические науки. Вопросы теории и практики |d 2008- | ||
| 463 | |t № 1 |v [С. 10-15] |d 2011 | ||
| 510 | 1 | |a Use of computer technologies (electronic text book, web ct) for the arrangement of students' independent work while teaching professional foreign language in technical institute of higher education |z eng | |
| 610 | 1 | |a электронный ресурс | |
| 610 | 1 | |a труды учёных ТПУ | |
| 610 | 1 | |a компьютерные технологии | |
| 610 | 1 | |a Электронный учебник | |
| 610 | 1 | |a самостоятельная работа | |
| 610 | 1 | |a студенты | |
| 610 | 1 | |a информационные технологии | |
| 610 | 1 | |a профессиональный иностранный язык | |
| 700 | 1 | |a Аверкиева |b Л. Г. |c лингвист |c старший преподаватель Томского политехнического университета |f 1973- |g Любовь Геннадьевна |3 (RuTPU)RU\TPU\pers\24569 |9 10868 | |
| 701 | 1 | |a Чайка |b Ю. А. |c старший преподаватель Томского политехнического университета |c лингвист |f 1980- |g Юлия Александровна |y Томск |3 (RuTPU)RU\TPU\pers\30949 |9 15187 | |
| 801 | 2 | |a RU |b 63413507 |c 20150506 |g RCR | |
| 856 | 4 | |u http://www.gramota.net/materials/2/2011/1/1.html | |
| 856 | 4 | |u http://elibrary.ru/item.asp?id=15641005 | |
| 942 | |c CF | ||